书目信息 |
| 题名: |
让生命与教育的使命同行
|
|
| 作者: | 王天超, 著 | |
| 分册: | ||
| 出版信息: | 北京 光明日报出版社 2021.08 |
|
| 页数: | 229页 | |
| 开本: | 24cm | |
| 丛书名: | ||
| 单 册: | ||
| 中图分类: | G633.213 | |
| 科图分类: | ||
| 主题词: | 生命哲学--sheng ming zhe xue--中学--教学参考资料 | |
| 电子资源: | ||
| ISBN: | 978-7-5112-4685-1 | |
| 000 | 00972nam0 2200253 450 | |
| 001 | 012001001308 | |
| 005 | 20141202135103.0 | |
| 010 | @a978-7-5112-4685-1@dCNY49.00 | |
| 099 | @aCAL 012015005698 | |
| 100 | @a20220905d2014 em y0chiy0120 ea | |
| 101 | 0 | @achi |
| 102 | @aCN@b110000 | |
| 105 | @aak z 000yy | |
| 106 | @ar | |
| 200 | 1 | @a让生命与教育的使命同行@Arang sheng ming yu jiao yu de shi ming tong xing@f王天超著 |
| 210 | @a北京@c光明日报出版社@d2021.08 | |
| 215 | @a229页@c图@d24cm | |
| 314 | @a王天超, 1966年出生, 中学高级教师, 现任威海市古寨中学校长、威海市心理健康教育研究会理事长等。 | |
| 330 | @a本书共分四章, 内容包括: 科学规划, 绿色教研提升教师专业成长 ; 创新模式, 绿色课堂培养学生自主能力 ; 创新管理, 高效小组为生命化课堂起飞助力等。 | |
| 606 | 0 | @a生命哲学@Asheng ming zhe xue@x中学@j教学参考资料 |
| 690 | @aG633.213@v5 | |
| 701 | 0 | @a王天超,@Awang tian chao@f1966-@4著 |
| 801 | 0 | @aCN@bAHXH@c20221111 |
| 905 | @b1363014-8@dG633.213@e418@f5 | |
| 让生命与教育的使命同行/王天超著.-北京:光明日报出版社,2021.08 |
| 229页:图;24cm |
| ISBN 978-7-5112-4685-1:CNY49.00 |
| 本书共分四章, 内容包括: 科学规划, 绿色教研提升教师专业成长 ; 创新模式, 绿色课堂培养学生自主能力 ; 创新管理, 高效小组为生命化课堂起飞助力等。 |
| ● |
| 相关链接 |
|
|
|
|
正题名:让生命与教育的使命同行
索取号:G633.213/418
 
预约/预借
| 序号 | 登录号 | 条形码 | 馆藏地/架位号 | 状态 | 备注 |
| 1 | 1363014 | 213630141 | 第一样本阅览室/ [索取号:G633.213/418] | 在馆 | |
| 2 | 1363015 | 213630150 | 教育系资料室/ [索取号:G633.213/418] | 在馆 | |
| 3 | 1363016 | 213630169 | 教育系资料室/ [索取号:G633.213/418] | 在馆 | |
| 4 | 1363017 | 213630178 | 第四借阅区/ [索取号:G633.213/418] | 在馆 | |
| 5 | 1363018 | 213630187 | 第四借阅区/ [索取号:G633.213/418] | 在馆 |